000
00263nam a2200097Ia 4500
001
879935
005
20250826182612.0
008
250824s9999 xx 000 0 und d
245
0
_a
YARIM KALAN HİKAYELER AŞKLAR HAYATLAR
_c
ERTÜRK AKŞUN
260
_b
DESTEK YAYINLARI
999
_c
879935
_d
879935